00592nam a2200181Ia 450000500170000000800410001702000180005804000190007604100120009508200130010724501100012026000360023030000150026650400400028165000540032165100250037585000100040020210908114639.0131103s9999 xx 000 0 und d a0-911012-72-9 aLoreto College aEnglish a320bMAC 4aThe Libertarian alternativeb essays in the social and political philosophy c[edited by] Tibor R. Machan aChicagobNelson Hall Co.cc1974 axv,553 p.  aIncludes bibliographical references aPolitics - Political Ideology - Libertarianism -  aPolitical Science -  aLCLIB